000 00511nmm a2200193Ia 4500
008 251105s9999||||xx |||||||||||||||||und||
020 _a9788433960054
041 _aspa
100 _aZulaika, Jaime
245 0 _aExpiación
264 _a[Madrid, España] :
_bEditorial Anagrama,
_c2017
300 _a448 páginas
490 _aCompactos
650 _aEnglish Narrative
700 _aZulaika, Jaime
700 1 _a McEwan, Ian
856 _uhttps://public.digitaliapublishing.com/a/49077
942 _cCF
999 _c72872
_d72872